| 000 | 00450nam a2200145 4500 | ||
|---|---|---|---|
| 008 | 020705s1970 us eng | ||
| 020 | _a0875523498 | ||
| 090 |
_aBS651 _bM83b |
||
| 100 | 1 | _aMorris, Henry M. | |
| 245 | 1 | 0 |
_aBiblical cosmology and modern science / _cHenry M. Morris. |
| 260 |
_aNew Jersey : _bP & R, _cc1970. |
||
| 300 | _a146 p. | ||
| 650 | 4 | _aCosmology. Bible. | |
| 951 |
_p8979 _x00013150 _oBS651/M83b-2 _j070613111133031 _d2000-12-21 _cGC |
||
| 999 |
_c12242 _d12242 |
||